| 000 | 00380nam a2200133Ia 4500 | ||
|---|---|---|---|
| 005 | 20260328101442.0 | ||
| 008 | 260328s9999||||xx |||||||||||||| ||und|| | ||
| 100 | _aDavalillo, Carmela | ||
| 245 | 0 |
_aMis flores, mi paraiso : _b Un atlas en Color de las mas bellas Plantas del Mundo / _cCarmela Davalillo |
|
| 260 | _bArtco | ||
| 300 | _a183 p. | ||
| 650 | _aPAISAJISMO | ||
| 942 | _cBK | ||
| 999 |
_c8311 _d8311 |
||